1 Club Soccer Player - Statistics

General Stats
  • This quiz has been taken 53 times
    30 since last reset
  • The average score is 7 of 20
Answer Stats
P Answer Club at Club that they have the most appearences with Apps Goals Timespan at Club Years % Correct
10 Steven Gerrard Liverpool 538 125 1998-2015 17
78%
3 Paolo Maldini Milan 647 29 1984-2009 25
70%
2 Ryan Giggs Manchester United 672 114 1990-2014 24
70%
11 Lionel Messi Barcelona 520 474 2004-2021 17
67%
4 Pelé Santos 638 619 1956-1974 18
67%
14 Xavi Bareclona 505 58 1998-2015 17
59%
15 Paul Scholes Manchester United 499 107 1993-2011 18
56%
9 Raúl Real Madrid 550 228 1994-2010 16
56%
20 Karim Benzema Real Madrid 439 238 2009-2023 14
48%
12 Gianluigi Buffon Juventus 517 0 2001-2018 17
44%
19 Sergio Ramos Real Madrid 469 72 2005-2021 16
33%
13 Iker Casillas Real Madrid 510 0 1999-2015 16
15%
5 Javier Zanetti Inter Milan 615 12 1995-2014 19
11%
17 Pat Jennings Tottenham Hotspurs 472 0 1964-1972 8
4%
18 Ray Clemence Liverpool 470 0 1967-1981 14
4%
8 Rogério Ceni Sao Paulo 576 65 1992-2015 23
4%
16 Djalma Santos Palmeiras 498 10 1959-1968 9
0%
7 Fábio Cruzerio 579 0 2005-2021 16
0%
1 Noel Bailie Linfield 1,013 11 1989-2011 22
0%
6 Yasuhito Endo Gamba Osaka 595 98 2002-2015 13
0%
No matching quizzes found
Score Distribution
Percent of People with Each Score
Percentile by Number Answered
Your Score History
You have not taken this quiz since the last reset